00526nam a22001697a 450000500170000001000150001702000270003203500140005903700130007308200150008610000170010124500600011826000450017827000560022330000360027950000410031520161128111622.0 aENG-116677 a9789350502877c1950.00 aEN-100209 bDBAD/PUB a305.800954 aPegu, Namita aTribal culture in ethnographic museum /cby Namita Pegu aDelhibB.R. Publishing Corporationc2016 a425,Nimri Colony,Ashok Vihar,Phase-VbDelhie110052 axv,292p. :c23cm(Hb)bill(maps) aIncludes bibliographical references